<?xml version="1.0" encoding="UTF-8"?>
<record
    xmlns:xsi="http://www.w3.org/2001/XMLSchema-instance"
    xsi:schemaLocation="http://www.loc.gov/MARC21/slim http://www.loc.gov/standards/marcxml/schema/MARC21slim.xsd"
    xmlns="http://www.loc.gov/MARC21/slim">

  <leader>02095nam a22002177a 4500</leader>
  <datafield tag="999" ind1=" " ind2=" ">
    <subfield code="c">12353</subfield>
    <subfield code="d">12353</subfield>
  </datafield>
  <controlfield tag="008">230501b     2000      ||||| |||| 00| 0 eng d</controlfield>
  <datafield tag="020" ind1=" " ind2=" ">
    <subfield code="a">9780792386728</subfield>
  </datafield>
  <datafield tag="082" ind1=" " ind2=" ">
    <subfield code="a">621.389</subfield>
    <subfield code="b">INC</subfield>
  </datafield>
  <datafield tag="100" ind1=" " ind2=" ">
    <subfield code="a">Ince, A. Nejat</subfield>
  </datafield>
  <datafield tag="245" ind1=" " ind2=" ">
    <subfield code="a">Principles of integrated maritime surveillance systems</subfield>
  </datafield>
  <datafield tag="260" ind1=" " ind2=" ">
    <subfield code="a">USA</subfield>
    <subfield code="b">Kluwer Academic Publishers</subfield>
    <subfield code="c">2000</subfield>
  </datafield>
  <datafield tag="300" ind1=" " ind2=" ">
    <subfield code="a">xv, 491p.</subfield>
  </datafield>
  <datafield tag="520" ind1=" " ind2=" ">
    <subfield code="a">Information is always required by organizations of coastal states about the movements, identities and intentions of vessels sailing in the waters of interest to them, which may be coastal waters, straits, inland waterways, rivers, lakes or open seas. This interest may stem from defense requirements or from needs for the protection of off-shore resources, enhanced search and rescue services, deterrence of smuggling, drug trafficking and other illegal activities and/or for providing vessel traffic services for safe and efficient navigation and protection of the environment. To meet these needs it is necessary to have a well designed maritime surveillance and control system capable of tracking ships and providing other types of information required by a variety of user groups ranging from port authorities, shipping companies, marine exchanges to governments and the military. Principles of Integrated Maritime Surveillance Systems will be of vital interest to anyone responsible for the design, implementation or provision of a well designed maritime surveillance and control system capable of tracking ships and providing navigational and other types of information required for safe navigation and efficient commercial operation. Principles of Integrated Maritime Surveillance Systems is therefore essential to a variety of user groups ranging from port authorities to shipping companies and marine exchanges as well as civil governments and the military.</subfield>
  </datafield>
  <datafield tag="650" ind1=" " ind2=" ">
    <subfield code="a">Maritime Environment</subfield>
  </datafield>
  <datafield tag="650" ind1=" " ind2=" ">
    <subfield code="a">Sensors</subfield>
  </datafield>
  <datafield tag="650" ind1=" " ind2=" ">
    <subfield code="a">Communications systems and data links </subfield>
  </datafield>
  <datafield tag="700" ind1=" " ind2=" ">
    <subfield code="a">Topuz, Ercan</subfield>
    <subfield code="e">Co-author</subfield>
  </datafield>
  <datafield tag="700" ind1=" " ind2=" ">
    <subfield code="a">Panayirci, Erdal</subfield>
    <subfield code="e">Co-author</subfield>
  </datafield>
  <datafield tag="700" ind1=" " ind2=" ">
    <subfield code="a">Isik, Cevdet</subfield>
    <subfield code="e">Co-author</subfield>
  </datafield>
  <datafield tag="942" ind1=" " ind2=" ">
    <subfield code="c">BK</subfield>
  </datafield>
  <datafield tag="952" ind1=" " ind2=" ">
    <subfield code="0">0</subfield>
    <subfield code="1">0</subfield>
    <subfield code="2">ddc</subfield>
    <subfield code="4">0</subfield>
    <subfield code="6">621_389000000000000_INC</subfield>
    <subfield code="7">0</subfield>
    <subfield code="8">NFIC</subfield>
    <subfield code="9">15467</subfield>
    <subfield code="a">MU</subfield>
    <subfield code="b">MU</subfield>
    <subfield code="c">GEN</subfield>
    <subfield code="d">2023-05-01</subfield>
    <subfield code="o">621.389 INC</subfield>
    <subfield code="p">MPC6640</subfield>
    <subfield code="r">2025-03-17</subfield>
    <subfield code="y">BK</subfield>
    <subfield code="z">Column - 24</subfield>
  </datafield>
</record>
